| 000 | 00544nam a2200169Ia 4500 | ||
|---|---|---|---|
| 008 | 260520s2017 xx 000 0 und d | ||
| 020 | _a8188764205 | ||
| 041 | _amar | ||
| 082 | _a891.465/GAR | ||
| 100 | _aगारे, गोविंद | ||
| 245 | _aआदिवासी साहित्य संमेलन अध्यक्षीय भाषणे | ||
| 250 | _a2nd ed | ||
| 260 |
_aपुणे _bसुगावा प्रकाशन _c2017 |
||
| 300 | _a110p. | ||
| 500 | _aCat No: 14889 | ||
| 650 | _aMARATHI SPEECHES | ||
| 999 |
_c1222138 _d1222138 |
||